Регионална библиотека "Любен Каравелов" - Русе

Китайска домашна медицина (Запис номер 81259)

MARC детайли
000 -Лидер
Контролно поле с фиксирана дължина 01558nam a2200361 c 4500
003 - Код на организацията, давaща контролен номер
Контролно поле BLK
005 - Дата и час на последна редакция
Контролно поле 20200812094637.0
008 - Елементи от данни с фиксирана дължина
fixed length control field 180408b bul|||||r ||||||| ||bul||
010 ## - Наследен системен номер
LC control number KNG00085758000
020 ## - Международен стандартен номер на книга ISBN
Международен стандартен номер на книга ISBN 954-423-379-2
-- издат.: Унив. изд. Паисий Хилендарски
040 ## - Източник на каталожния запис
Идентификатор на билиотеката - собственик на записа BLK
041 ## - Код за език
Код за езика на текст/звукозапис или на отделно заглавие Български
Код за езика КДБФ Български
080 ## - УДК
Текстов определител УДК Медицина
УДК код - определител по УДК 61
УДК определител (510)
УДК - код + определител 61(510)
100 1# - Редна дума - Автор
Автор Хорнфек, Сузане
Авторска отговорност първи автор
R(LIN) 137560
139 ## - Редно поле
Редна дума Хорнфек, Сузане и др.
Авторски знак Хори - Х 68
245 10 - Сведения за заглавието
Заглавие Китайска домашна медицина
Подзаглавни данни Лечителски познания от Империята на Изтока
Редно поле (дума) Сузане Хорнфек; съавт. Нели Ма; ил. Нели Ма; прев. Волф-Дитер Белщед.
257 ## - Страна на издаване
Страна на създаване/издаване Германия
260 ## - Област на издателските данни
-- Пловдив
Име на издателя, разпространителя и проч. Унив. изд. Паисий Хилендарски
Година на издаване 2006
300 ## - Физическа характеристика
Страници 124 с.
Илюстрации и др. с ил.
Размери/Мащаб 21 см
380 ## - Жанр
Жанр Медицина
500 ## - Общи забележки
Забележка Ориг. загл. Chinesische Hausmittel. - Предм. показалец. - Библиогр. с. 121.
650 #4 - Допълнително описание по предмет – тема
Основно описание – тема или топоним Медицина, китайска
9 (RLIN) 264073
651 #4 - Допълнително описание по предмет - топоним
Географско понятие Китай
9 (RLIN) 242505
653 ## - Ключова дума – ненормативна
Ключова дума китайска медицина
700 1# - Други автори (авторска отговорност)
Лично име Ма, Нели
Автороска отговорност (Описва отношението между автора и произведението) съавт.
9 (RLIN) 299995
700 1# - Други автори (авторска отговорност)
Лично име Ма, Нели
Автороска отговорност (Описва отношението между автора и произведението) ил.
9 (RLIN) 372424
700 1# - Други автори (авторска отговорност)
Лично име Белщед, Волф-Дитер
Автороска отговорност (Описва отношението между автора и произведението) прев.
9 (RLIN) 38064
852 ## - Местоположение
Форматна сигнатура Цб 241433
856 4# - Електронен адрес и достъп
Електронен формат pdf - файл
Път до файла /url/
856 4# - Електронен адрес и достъп
Електронен формат pdf - файл
Път до файла /url/
942 ## - АРТИКУЛИ
Вид на библиотечния материал Книги
Скрит в OPAC Не
Koha issues (borrowed), all copies 5
944 ## - СЪЗДАВАНЕ И РЕДАКЦИЯ на ЗАПИСА
Създаване/Редакция Създаване
Дата на регистрацията/редакция 23.09.2008
Статус, дата на статуса ф /
Служител, извършил регистрацията/редакцията Пенка_Димитрова
944 ## - СЪЗДАВАНЕ И РЕДАКЦИЯ на ЗАПИСА
Създаване/Редакция Редакция
Дата на регистрацията/редакция 08.04.2015
Статус, дата на статуса ф /
Служител, извършил регистрацията/редакцията Людмила_Стоянова
999 ## - СИСТЕМНИ КОНТРОЛНИ НОМЕРА
Koha biblionumber 81259
Koha biblioitemnumber 81259
Наличности
Код за отписване Код за изгубен артикул Код за повреда Коз за рестрикции Код за отдаване Артикулен № Име на библиотеката - собственик Име на библиотеката, в която се намира в момента Статус (Текущо местоположение) Дата на вписване в системата Местоположение - отдел Цена в лева Инвентарен номер Систематично азбучна сигнатура Баркод Номер на екземпляра Цена в евро Служебна бележка Служебен тип на артикула
  Не е изгубен Не е повреден без рестрикции ползва се в читалня 131626 Регионална библиотека "Любен Каравелов" Русе Регионална библиотека "Любен Каравелов" Русе Хранилище 2008-09-19 Хранилище 9.00 120000729211 Цб 241433 120000729211 1 4.60 Дост: Dp Вид: Д N: 26 Дата: 11.06.2008 Книги
  Не е изгубен Не е повреден без рестрикции заемане за дома 131627 Регионална библиотека "Любен Каравелов" Русе Регионална библиотека "Любен Каравелов" Русе Заемна - подръчен фонд 2014-06-12 Заемна - подръчен фонд 9.00 120000778160 П 61/Х 68 120000778160 2 4.60 Дост: Pk Вид: Ф N: 400 Дата: 09.06.2014 Дата инв: 02.02.2018 Бележки инв: П2018 Книги
Vip Innovations Ltd, Rousse, Bulgaria 2025